<?xml version="1.0" encoding="UTF-8"?>
<collection xmlns="http://www.loc.gov/MARC21/slim">
 <record>
  <leader>01596nam a2200217Ia 4500</leader>
  <controlfield tag="001">TDMU_18016</controlfield>
  <controlfield tag="008">210410s9999    xx            000 0 und d</controlfield>
  <datafield tag="082" ind1=" " ind2=" ">
   <subfield code="a">307.760959779</subfield>
  </datafield>
  <datafield tag="100" ind1=" " ind2=" ">
   <subfield code="a">Nguyễn, Thế Nghĩa</subfield>
  </datafield>
  <datafield tag="245" ind1=" " ind2="0">
   <subfield code="a">Đô thị hóa và vấn đề giảm nghèo ở thành phố Hồ Chí Minh</subfield>
  </datafield>
  <datafield tag="245" ind1=" " ind2="0">
   <subfield code="b">lý luận và thực tiễn</subfield>
  </datafield>
  <datafield tag="245" ind1=" " ind2="0">
   <subfield code="c">Nguyễn Thế Nghĩa, Mạc Đường, Nguyễn Quang Vinh</subfield>
  </datafield>
  <datafield tag="260" ind1=" " ind2=" ">
   <subfield code="a">H.</subfield>
  </datafield>
  <datafield tag="260" ind1=" " ind2=" ">
   <subfield code="b">Khoa học xã hội</subfield>
  </datafield>
  <datafield tag="260" ind1=" " ind2=" ">
   <subfield code="c">2005</subfield>
  </datafield>
  <datafield tag="300" ind1=" " ind2=" ">
   <subfield code="a">1256 tr.</subfield>
  </datafield>
  <datafield tag="520" ind1=" " ind2=" ">
   <subfield code="a">Gồm 4 phần: Những vấn đề tổng quát và phương pháp nghiên cứu về di dân, đô thị hóa và giảm nghèo đô thị; Các động thái di dân và đô thị hóa trường hợp Thành phố Hồ Chí Minh và các vùng khác; Các cơ hội thăng tiến kinh tế-xã hội cho người nghèo và các tầng lớp cư dân khác trong quá trình đô thị hóa; Vai trò của các chính sách xã hội và các tổ chức nhà nước trong việc giảm nghèo, các hệ quả chính sách rút ra từ kết luận nghiên cứu.</subfield>
  </datafield>
  <datafield tag="650" ind1=" " ind2=" ">
   <subfield code="a">Đô thị hóa</subfield>
   <subfield code="z">Việt Nam</subfield>
   <subfield code="z">Thành phố Hồ Chí Minh; Thành phố Hồ Chí Minh (Việt Nam)</subfield>
   <subfield code="x">Khía cạnh kinh tế</subfield>
  </datafield>
  <datafield tag="700" ind1=" " ind2=" ">
   <subfield code="a">Mạc, Đường</subfield>
  </datafield>
  <datafield tag="856" ind1=" " ind2=" ">
   <subfield code="u">http://lrc.tdmu.edu.vn/opac/search/detail.asp?aID=2&amp;ID=18016</subfield>
  </datafield>
  <datafield tag="980" ind1=" " ind2=" ">
   <subfield code="a">Trung tâm Học liệu Trường Đại học Thủ Dầu Một</subfield>
  </datafield>
 </record>
</collection>
